| Tag |
First Indicator |
Second Indicator |
Subfields |
| LEADER |
00000cam a2200000 a 4500 |
| 001 |
in00000015598 |
| 005 |
20230912141537.6 |
| 008 |
861218s1987 txuac b 000 0 eng |
| 010 |
|
|
|a 86030183
|
| 016 |
7 |
|
|a 008447163
|2 Uk
|
| 019 |
|
|
|a 733725295
|
| 020 |
|
|
|a 0936650044
|q (pbk.)
|
| 020 |
|
|
|a 9780936650043
|q (pbk.)
|
| 029 |
1 |
|
|a AU@
|b 000005016433
|
| 029 |
1 |
|
|a CHBIS
|b 003065619
|
| 029 |
1 |
|
|a CHVBK
|b 149128584
|
| 029 |
1 |
|
|a GBVCP
|b 029429811
|
| 029 |
1 |
|
|a UKMGB
|b 008447163
|
| 035 |
|
|
|a (OCoLC)ocm15054273
|
| 035 |
|
|
|a (OCoLC)15054273
|z (OCoLC)733725295
|
| 035 |
|
|
|a (OCoLC)ocm15054273
|
| 040 |
|
|
|a DLC
|b eng
|c DLC
|d BTCTA
|d YDXCP
|d BAKER
|d OCLCG
|d BDX
|d OCLCO
|d OCLCA
|d OCLCF
|d OCLCQ
|d OCLCO
|d OCLCQ
|d OCLCA
|d TXJAS
|d OCLCQ
|d UKMGB
|d TXJDC
|d OCLCO
|d TXA
|
| 043 |
|
|
|a n-us-tx
|
| 050 |
0 |
0 |
|a JK1911.T3
|b T39 1987
|
| 082 |
0 |
0 |
|a 324.6/23/09764
|2 19
|
| 100 |
1 |
|
|a Taylor, A. Elizabeth
|q (Antoinette Elizabeth),
|d 1917-
|e author.
|
| 245 |
1 |
0 |
|a Citizens at last :
|b the woman suffrage movement in Texas /
|c essay by A. Elizabeth Taylor, with photographs and documents ; foreword by Anne Firor Scott ; consulting editors, Ruthe Winegarten and Judith N. McArthur.
|
| 264 |
|
1 |
|a Austin, Texas :
|b Ellen C. Temple,
|c [1987]
|
| 300 |
|
|
|a xiv, 242 pages :
|b illustrations, portraits ;
|c 23 cm
|
| 336 |
|
|
|a text
|b txt
|2 rdacontent
|
| 337 |
|
|
|a unmediated
|b n
|2 rdamedia
|
| 338 |
|
|
|a volume
|b nc
|2 rdacarrier
|
| 504 |
|
|
|a Includes bibliographical references (pages 231-237).
|
| 500 |
|
|
|a The Cushing Library/Chapman Texas Collection copy is part of the Floyd & Louise Chapman Texas & Borderlands Collection.
|5 TXA
|
| 500 |
|
|
|a The Cushing Library/Women & Gender Studies copy was acquired as part of The Arden Eversmeyer Collection.
|5 TXA
|
| 650 |
|
0 |
|a Women
|x Suffrage
|z Texas
|x History.
|
| 650 |
|
0 |
|a Women
|x Suffrage
|z Texas
|x History
|v Sources.
|
| 650 |
|
4 |
|a Women
|x Suffrage
|z Texas
|x History.
|
| 650 |
|
4 |
|a Women
|x Suffrage
|z Texas
|x History
|x Sources.
|
| 650 |
|
6 |
|a Femmes
|x Suffrage
|z Texas
|x Histoire.
|
| 650 |
|
6 |
|a Femmes
|x Suffrage
|z Texas
|x Histoire
|v Sources.
|
| 650 |
|
7 |
|a Women
|x Suffrage.
|2 fast
|0 (OCoLC)fst01176996
|
| 651 |
|
7 |
|a Texas.
|2 fast
|0 (OCoLC)fst01210336
|
| 655 |
|
7 |
|a History.
|2 fast
|0 (OCoLC)fst01411628
|
| 655 |
|
7 |
|a Sources.
|2 fast
|0 (OCoLC)fst01423900
|
| 700 |
1 |
|
|a Scott, Anne Firor,
|d 1921-2019,
|e writer of foreword.
|
| 700 |
1 |
|
|a Winegarten, Ruthe,
|e editor.
|
| 700 |
1 |
|
|a McArthur, Judith N.,
|e editor.
|
| 776 |
0 |
8 |
|i Online version:
|a Taylor, A. Elizabeth (Antoinette Elizabeth), 1917-
|t Citizens at last.
|d Austin, Tex. : Ellen C. Temple, ©1987
|w (OCoLC)569893607
|
| 938 |
|
|
|a Baker & Taylor
|b BKTY
|c 14.95
|d 11.21
|i 0936650044
|n 0001158666
|s active
|
| 938 |
|
|
|a Brodart
|b BROD
|n 38771292
|c $19.95
|
| 938 |
|
|
|a Baker and Taylor
|b BTCP
|n 86030183 //r95
|c $15.95 (est.)
|
| 938 |
|
|
|a YBP Library Services
|b YANK
|n 1114558
|
| 948 |
|
|
|h HELD BY TXA - 253 OTHER HOLDINGS
|
| 994 |
|
|
|a Z0
|b TXA
|
| 999 |
f |
f |
|s 0161cc31-5053-33db-b406-5fc559533722
|i 6aee0da5-ae4d-36a2-be70-1903177fc6f1
|t 0
|
| 952 |
f |
f |
|p noncirc
|a Texas A&M University
|b College Station
|c Cushing Memorial Library & Archives
|d Cushing: Chapman Texas Collection (Does not check out)
|t 0
|e JK1911.T3 T39 1987
|h Library of Congress classification
|i unmediated -- volume
|
| 952 |
f |
f |
|p ric
|a Texas A&M University
|b Rellis Campus
|c Joint Library Facility
|d Remote Storage
|t 0
|e JK1911.T3 T39 1987
|h Library of Congress classification
|i unmediated -- volume
|m A14811463933
|
| 952 |
f |
f |
|p noncirc
|a Texas A&M University
|b College Station
|c Cushing Memorial Library & Archives
|d Cushing: Women & Gender Studies (Does not check out)
|t 0
|e JK1911.T3 T39 1987
|h Library of Congress classification
|i unmediated -- volume
|m A14853205397
|
| 998 |
f |
f |
|a JK1911.T3 T39 1987
|t 0
|l Remote Storage
|
| 998 |
f |
f |
|a JK1911.T3 T39 1987
|t 0
|l Cushing: Chapman Texas Collection (Does not check out)
|
| 998 |
f |
f |
|a JK1911.T3 T39 1987
|t 0
|l Cushing: Women & Gender Studies (Does not check out)
|